Statistics for Guess the Taylor Swift song with no hint 87

Click here to take the quiz!

General Stats

  • This quiz has been taken 321 times
  • The average score is 243 of 314

Answer Stats

Answer% Correct
I
99%
a
98%
you
98%
You
98%
The
97%
the
97%
And
96%
and
96%
your
96%
do
94%
Do
94%
me
94%
when
94%
say
92%
to
92%
in
91%
on
91%
on"
91%
that
91%
that?
91%
My
90%
my
90%
I'm
89%
No
89%
no
89%
What
89%
be
88%
did
88%
like
88%
think
88%
They
87%
too
87%
her
86%
It's
86%
of
86%
I'd
84%
know
84%
she
84%
She
84%
for
83%
one
81%
see
81%
But
80%
but
80%
mad
79%
woman
78%
women
78%
all
76%
at
76%
'Cause
76%
from
75%
time
75%
get
74%
will
74%
about
73%
Every
73%
Has
72%
likes
72%
there's
72%
back?
71%
made
71%
nothin'
71%
shame
71%
went
70%
does
69%
Does
69%
more
69%
OR
69%
out
69%
should
69%
Should
69%
you'll
69%
Now
67%
angry
66%
forever"?
66%
home?
66%
won't
66%
call
65%
crazy
65%
face
65%
come
64%
seem
64%
everything
63%
"Fuck
61%
scorpion
61%
took
61%
"Move
60%
something
60%
around
59%
drive
59%
kill
59%
mouth
59%
Over
59%
sting
59%
always
58%
Doing
58%
fighting
58%
smile?
58%
two
58%
Good
57%
really
57%
together
57%
dirtiest
56%
find
56%
Takin'
56%
takin'
56%
witches
56%
work
56%
brought
55%
hunting
55%
strike
54%
people
53%
'til
53%
wrap
53%
claws
52%
dead
52%
noose
52%
wanting
52%
bear
51%
lawn?
50%
neighbor's
50%
poke
50%
Watchin'
50%
side
49%
talk
49%
master
48%
sing
48%
wives
48%
couple
47%
obvious
47%
climb
46%
each
45%
flames
44%
breathe
43%
spin
43%
flings
42%
cannons
41%
firin'
41%
scathing
41%
yacht
41%

Score Distribution

Percentile by Number Answered

Percent of People with Each Score

Your Score History

You have not taken this quiz